100 lyrics / (Record no. 35722)
[ view plain ]
| 000 -LEADER | |
|---|---|
| fixed length control field | 02889nam a22004097a 4500 |
| 005 - DATE AND TIME OF LATEST TRANSACTION | |
| control field | 20100505160519.0 |
| 010 ## - LCCN (DPL NO) | |
| LC control number | B-410683-688 B-410792-796 |
| 020 ## - INTERNATIONAL STANDARD BOOK NUMBER | |
| International Standard Book Number | 9780670083374 |
| Terms of availability | 499.00 |
| 035 ## - SYSTEM CONTROL NUMBER | |
| System control number | B-410683-688 |
| 035 ## - SYSTEM CONTROL NUMBER | |
| System control number | B-410792-776 |
| 037 ## - SOURCE OF ACQUISITION | |
| Source of stock number/acquisition | Super Books |
| 082 ## - DEWEY DECIMAL CLASSIFICATION NUMBER | |
| Classification number | 821 |
| 100 ## - MAIN ENTRY--PERSONAL NAME | |
| Personal name | Gulazāra |
| 245 ## - TITLE STATEMENT | |
| Title | 100 lyrics / |
| Statement of responsibility, etc | by Gulzar ; translated by Sunjoy Shekhar |
| 246 ## - VARYING FORM OF TITLE | |
| Title proper/short title | One hundred lyrics |
| 260 ## - PUBLICATION, DISTRIBUTION, ETC. (IMPRINT) | |
| Place of publication, distribution, etc | New Delhi |
| Name of publisher, distributor, etc | Penguin, Viking |
| Date of publication, distribution, etc | 2009 |
| 270 ## - ADDRESS | |
| Address | 11 Community Centre, Panchsheel Park |
| City | New Delhi |
| Postal code | 110017 |
| 300 ## - PHYSICAL DESCRIPTION | |
| Extent | x, 242 p. : |
| Other physical details | ill. ; |
| Dimensions | 23 cm(Hb) |
| 500 ## - GENERAL NOTE | |
| General note | Includes indexes |
| 600 ## - SUBJECT ADDED ENTRY--PERSONAL NAME | |
| Personal name | Gulazāra |
| Form subdivision | Translations into English. |
| 650 ## - SUBJECT ADDED ENTRY--TOPICAL TERM | |
| Topical term or geographic name as entry element | Songs, Hindi |
| Form subdivision | Texts. |
| 700 ## - ADDED ENTRY--PERSONAL NAME | |
| Personal name | Shekhar, Sunjoy |
| 9 (RLIN) | 21672 |
| 942 ## - ADDED ENTRY ELEMENTS (KOHA) | |
| Source of classification or shelving scheme | Dewey Decimal Classification |
| Item type | English Books |
| Classification part | 821 |
| Call number suffix | GUL |
| Withdrawn status | Lost status | Not for loan | Collection code | Home library | Current library | Date acquired | Source of acquisition | Cost, normal purchase price | Full call number | Barcode | Copy number | Cost, replacement price | Koha item type | Public note |
|---|---|---|---|---|---|---|---|---|---|---|---|---|---|---|
| Non-fiction | Andrews Gunj | Andrews Gunj | 25/09/2010 | Super Books/55112/10.7.10/61/1.7.10/17.7.10 | 499.00 | 821 GUL | B-410792 | 1 | 499.00 | English Books | ||||
| Non-fiction | Central Library | Central Library | 25/09/2010 | Super Books/55071/17.7.10/61/1.7.10/13.7.10 | 499.00 | 821 GUL | B-410683 | 1 | 499.00 | English Books | Legal Case (Register 30) | |||
| Non-fiction | Janak Puri | Janak Puri | 25/09/2010 | Super Books/55071/17.7.10/61/1.7.10/13.7.10 | 499.00 | 821 GUL | B-410685 | 2 | 499.00 | English Books | ||||
| Written-off vide DLB M. No. 383 dt 16.05.19 | Non-fiction | Janak Puri | Janak Puri | 25/09/2010 | Super Books/55071/17.7.10/61/1.7.10/13.7.10 | 499.00 | 821 GUL | B-410686 | 2 | 499.00 | English Books | |||
| Written-off vide DLB M. No. 383 dt 16.05.19 | Non-fiction | Karol Bagh | Karol Bagh | 25/09/2010 | Super Books/55112/10.7.10/61/1.7.10/17.7.10 | 499.00 | 821 GUL | B-410795 | 1 | 499.00 | English Books | |||
| Written-off vide DLB M. No. 383 dt 16.05.19 | Non-fiction | Patel Nagar | Patel Nagar | 25/09/2010 | Super Books/55071/17.7.10/61/1.7.10/13.7.10 | 499.00 | 821 GUL | B-410684 | 1 | 499.00 | English Books | |||
| Non-fiction | R.K.Puram-8 | R.K.Puram-8 | 25/09/2010 | Super Books/55071/17.7.10/61/1.7.10/13.7.10 | 499.00 | 821 GUL | B-410688 | 1 | 499.00 | English Books | ||||
| Non-fiction | Sarojini Nagar | Sarojini Nagar | 25/09/2010 | Super Books/55071/17.7.10/61/1.7.10/13.7.10 | 499.00 | 821 GUL | B-410687 | 1 | 499.00 | English Books | ||||
| Non-fiction | Shahdara Branch | Shahdara Branch | 25/09/2010 | Super Books/55112/10.7.10/61/1.7.10/17.7.10 | 499.00 | 821 GUL | B-410796 | 1 | 499.00 | English Books | ||||
| Written-off vide DLB M. No. 383 dt 16.05.19 | Non-fiction | Sriniwas Puri | Sriniwas Puri | 25/09/2010 | Super Books/55112/10.7.10/61/1.7.10/17.7.10 | 499.00 | 821 GUL | B-410793 | 1 | 499.00 | English Books | |||
| Non-fiction | Vinoba Puri | Vinoba Puri | 25/09/2010 | Super Books/55112/10.7.10/61/1.7.10/17.7.10 | 499.00 | 821 GUL | B-410794 | 1 | 499.00 | English Books |
